Statistics for Pokémon with 4x weakness to Ice

Click here to take the quiz!

General Stats

  • This quiz has been taken 166 times
    (134 since last reset)
  • The average score is 22 of 34

Answer Stats

GenAnswer% Correct
IDragonite
91%
VISalamence (Mega)
85%
IIISalamence
85%
IVGarchomp
82%
VIGarchomp (Mega)
82%
IIIFlygon
81%
IVGible
79%
IVGabite
79%
IIGligar
74%
IIIVibrava
74%
IIITropius
74%
IVGliscor
74%
IIIAltaria
72%
IVTorterra
71%
IIHoppip
71%
IIJumpluff
71%
IISkiploom
71%
VINoibat
62%
VINoivern
62%
IIIRayquaza
60%
VIRayquaza (Mega)
60%
VIIIApplin
59%
VLandorus (Therian)
57%
VIIIAppletun
57%
VLandorus (Incarnate)
57%
VIIIFlapple
57%
VIIZygarde (10%)
49%
VIZygarde (50%)
49%
VIIZygarde (Perfect)
49%
VIIRowlet
46%
VIIDartrix
43%
VISceptile (Mega)
41%
VIIExeggutor (Alolan)
38%
IVShaymin (Sky)
35%

Score Distribution

Percentile by Number Answered

Percent of People with Each Score

Your Score History

You have not taken this quiz since the last reset